00319nam a2200097 a 4500008004100000050002400041245005300065246005900118260003500177350000900212120416s2004 ||||||||||||||||| || u aUNESCWA(05)BVS/200410aBulletin on vital statistics in the ESCWA region aEconomic and Social Commission for Western Asia(ESCWA) aNew YorkbUNITED NATIONSc2004 a0.00